000 00983nam a2200301 4500
001 2399
003 DO-SdBPM
005 20250604125815.0
007 2399
008 991027s1999 sp | ||| ||spa
020 _a848130137X
040 _a DO-SdBPM
_bspa
_cBPMSU
082 4 _a852.8
_bP667s 1999
_222
100 1 _aPirandello, Luigi,
_d1867-1936.
245 1 0 _aSeis personajes en busca de autor /
_cLuigi Pirandello ; traducción de Leonardo Valencia Assogna ; prólogo de Francisco Nieva
260 _aMadrid :
_bMilenium,
_c1999.
300 _a93 p. ;
_c22 cm.
490 0 _aMillenium;
_aLas 100 joyas del milenio,
_v23
490 1 _aBiblioteca El mundo
590 _aInventariado, 2025/VM
650 4 _aTeatro italiano
650 4 _aIdentidad social
_vTeatro.
650 4 _aDestino y Fatalismo
_vTeatro.
700 1 _4Valencia Assogna, Leonardo,
_atraductor
700 1 _4Nueva, Francisco,
_eprólogo
910 _aVMateo V. Control de calidad. BPMSU
942 _2ddc
_cBK
999 _c8555
_d8555